| 000 | 01276nac a22002651u 4500 | ||
|---|---|---|---|
| 010 | _a 99178840 | ||
| 020 | _a0727725912 | ||
| 035 | _a(OCoLC)38018924 | ||
| 082 | 0 | 0 |
_a624.20289 _bSAF |
| 090 |
_c9646 _d9646 |
||
| 100 | _a20080729 | ||
| 245 | 0 | 0 |
_aSafety of bridges / _cedited by Parag C. Das. |
| 260 |
_aLondon : _bTelford ; _aNew York : _bDistributors, American Society of Civil Engineers, Publications Sales Dept., _c1997. |
||
| 300 |
_avi, 249 p. : _bill. ; _c25 cm. |
||
| 500 | _a"The international symposium, The Safety of Bridges, organized by Thomas Telford Conferences on behalf of the Institution of Civil Engineers and the Highways Agency, was held in London on 4-5 July 1996. Many of the papers presented at this Symposium are included herein. These have all been revised and updated"--T.p. verso. | ||
| 500 | _aDistributer:Al-Ahram. | ||
| 504 | _aIncludes bibliographical references. | ||
| 511 | _aCatalogued By: Mahitab. | ||
| 650 | 0 |
_aBridges _xDesign and construction _xSafety measures. |
|
| 650 | 0 |
_aBridges _xReliability. |
|
| 700 | 1 | _aDas, Parag C. | |
| 710 | 2 | _aInstitution of Civil Engineers (Great Britain) | |
| 710 | 2 |
_aGreat Britain. _bHighways Agency. |
|
| 942 |
_cBB _k624.20289SAF |
||
| 999 |
_c9646 _d9646 |
||